[Event "BCF-chT4 1516 (4NCL)"]
[Site "England"]
[Date "2016.02.14"]
[Round "6.189"]
[White "Flynn, David"]
[Black "Keady, Mark A"]
[Result "0-1"]
[WhiteElo "1860"]
[BlackElo "1855"]
[PlyCount "96"]
[EventDate "2015.11.14"]
[EventType "team-swiss"]
[EventRounds "11"]
[EventCountry "ENG"]
[SourceTitle "EXT 2017"]
[Source "ChessBase"]
[SourceDate "2016.10.25"]
[SourceVersion "1"]
[SourceVersionDate "2016.10.25"]
[SourceQuality "1"]
[WhiteTeam "Ashfield Breadsall II"]
[BlackTeam "Shropshire II"]
[WhiteTeamCountry "ENG"]
[BlackTeamCountry "ENG"]

1. e4 c5 2. c3 Nf6 3. e5 Nd5 4. Nf3 Nc6 5. d4 d6 6. Bc4 e6 7. 0-0 Nb6 8. Bb3 d5 9. Bg5 Be7 10. Bxe7 Qxe7 11. Na3 a6 12. Bc2 Bd7 13. Re1 Na7 14. dxc5 Qxc5 15. Bb3 Nc6 16. Rc1 Na5 17. Bc2 Nbc4 18. Nxc4 Nxc4 19. b3 Na3 20. Bd3 Qe7 21. Nd4 Rc8 22. Qg4 0-0 23. Re3 h6 24. Rg3 f5 25. Qh5 Kh8 26. f4 Be8 27. Qe2 Qc5 28. Kf1 Bd7 29. Rg6 Qb6 30. Qf2 Rce8 31. Qg3 Rf7 32. Bxf5 Ref8 33. Nxe6 Bxe6 34. Rxe6 Qb5+ 35. c4 dxc4 36. bxc4 Qb2 37. Qc3 Qxa2 38. Ra1 Qxc4+ 39. Qxc4 Nxc4 40. g4 Ne3+ 41. Ke2 Nxf5 42. gxf5 Rxf5 43. Ra4 Rxf4 44. Rxf4 Rxf4 45. Re8+ Kh7 46. Ke3 Rb4 47. e6 Kg6 48. Rf8 Rb6 0-1

[Event "BCF-chT4 1516 (4NCL)"]
[Site "England"]
[Date "2016.02.13"]
[Round "5.199"]
[White "Keady, Mark A"]
[Black "Mirza, Gabriel"]
[Result "1-0"]
[WhiteElo "1855"]
[BlackElo "1796"]
[PlyCount "57"]
[EventDate "2015.11.14"]
[EventType "team-swiss"]
[EventRounds "11"]
[EventCountry "ENG"]
[SourceTitle "EXT 2017"]
[Source "ChessBase"]
[SourceDate "2016.10.25"]
[SourceVersion "1"]
[SourceVersionDate "2016.10.25"]
[SourceQuality "1"]
[WhiteTeam "Shropshire II"]
[BlackTeam "Midland Monarchs II"]
[WhiteTeamCountry "ENG"]
[BlackTeamCountry "ENG"]

1. e4 d6 2. f4 e5 3. Nf3 exf4 4. Bc4 Be6 5. Qe2 g5 6. Bxe6 fxe6 7. Qb5+ Nd7 8. d4 Be7 9. 0-0 h5 10. Qxb7 Qb8 11. Qc6 Qb6 12. Qxa8+ Nb8 13. a4 Nh6 14. a5 Qb4 15. c3 Qb5 16. Qxa7 0-0 17. Qxc7 Re8 18. Na3 Qd3 19. e5 Nf5 20. exd6 Nxd6 21. Ne5 Qe4 22. Bd2 Kg7 23. Rae1 Qa8 24. Nec4 Ne4 25. Qe5+ Nf6 26. Qxg5+ Kh8 27. Qh6+ Nh7 28. Bxf4 Rg8 29. Be5+ 1-0

[Event "BCF-chT4 1516 (4NCL)"]
[Site "England"]
[Date "2016.01.17"]
[Round "4.180"]
[White "Keady, Mark A"]
[Black "Somton, Anita"]
[Result "0-1"]
[WhiteElo "1855"]
[BlackElo "1502"]
[PlyCount "82"]
[EventDate "2015.11.14"]
[EventType "team-swiss"]
[EventRounds "11"]
[EventCountry "ENG"]
[SourceTitle "EXT 2017"]
[Source "ChessBase"]
[SourceDate "2016.10.25"]
[SourceVersion "1"]
[SourceVersionDate "2016.10.25"]
[SourceQuality "1"]
[WhiteTeam "Shropshire II"]
[BlackTeam "Iceni II"]
[WhiteTeamCountry "ENG"]
[BlackTeamCountry "ENG"]

1. e4 d5 2. exd5 Qxd5 3. Nc3 Qd6 4. Nf3 Nf6 5. d4 c6 6. Bg5 Bf5 7. Bc4 Nbd7 8. 0-0 e6 9. Re1 Be7 10. Bh4 0-0 11. a3 Nb6 12. Bg3 Qd8 13. Qe2 Bxc2 14. Bxe6 Bg6 15. Ba2 Re8 16. Be5 Nfd5 17. Qd2 Nxc3 18. Qxc3 Nd5 19. Qb3 Qd7 20. Bg3 f6 21. Rad1 Kh8 22. Rd2 a5 23. Qd1 Bd6 24. Bxd6 Qxd6 25. Rde2 Qd7 26. Qd2 Bh5 27. Rxe8+ Bxe8 28. Bb1 Bh5 29. Qc2 Bg6 30. Qc5 Bxb1 31. Rxb1 Nf4 32. Qc4 Nxg2 33. d5 cxd5 34. Qd4 Qf5 35. Nd2 Nf4 36. Kh1 Nd3 37. Rf1 Re8 38. Qb6 h6 39. Kg1 Qg5+ 40. Kh1 Qxd2 41. Qb5 Qe2 0-1

[Event "BCF-chT4 1516 (4NCL)"]
[Site "England"]
[Date "2015.11.15"]
[Round "2.99"]
[White "Hendy, Jerry"]
[Black "Keady, Mark A"]
[Result "1/2-1/2"]
[WhiteElo "1832"]
[BlackElo "1855"]
[PlyCount "54"]
[EventDate "2015.11.14"]
[EventType "team-swiss"]
[EventRounds "11"]
[EventCountry "ENG"]
[SourceTitle "EXT 2017"]
[Source "ChessBase"]
[SourceDate "2016.10.25"]
[SourceVersion "1"]
[SourceVersionDate "2016.10.25"]
[SourceQuality "1"]
[WhiteTeam "Throw in the Tal II"]
[BlackTeam "Shropshire II"]
[WhiteTeamCountry "ENG"]
[BlackTeamCountry "ENG"]

1. e4 c5 2. Nc3 Nc6 3. f4 d6 4. Bc4 Nf6 5. Nf3 g6 6. d3 Bg7 7. 0-0 0-0 8. Rb1 Na5 9. Qe2 Nxc4 10. dxc4 Bd7 11. e5 Ne8 12. Rd1 Bc6 13. Be3 Qa5 14. Nd5 Bxd5 15. cxd5 Nc7 16. a3 b5 17. Bd2 Qb6 18. Be1 Qb7 19. exd6 exd6 20. Ba5 Rfe8 21. Qd2 Re4 22. Bxc7 Qxc7 23. c3 Qd7 24. Re1 Rae8 25. Rxe4 Rxe4 26. Re1 Qf5 27. Rxe4 Qxe4 1/2-1/2